MARC

LEADER 00000nam0a2200000 4500
001 365241
005 20231102011751.0
035 |a (RuTPU)RU\TPU\retro\22604 
090 |a 365241 
100 |a 20211220d1980 k y0rusy50 ca 
101 0 |a rus 
102 |a RU 
105 |a a z 001zy 
200 1 |a Методика и техника маркшейдерских работ  |e сборник  |f Всесоюзный научно-исследовательский институт горной геомеханики и маркшейдерского дела 
210 |a Ленинград  |c [Б. и.]  |d 1980 
215 |a 112 с.  |c ил. 
225 1 |a Труды Всесоюзного научно-исследовательского института горной геомеханики и маркшейдерского дела ВНИМИ 
320 |a Библиография в конце статей 
606 1 |a Маркшейдерское дело  |2 stltpush  |3 (RuTPU)RU\TPU\subj\41067  |9 60885 
610 1 |a маркшейдерские работы 
610 1 |a методика 
610 1 |a усовершенствование 
610 1 |a маркшейдерские приборы 
610 1 |a разработка 
675 |a 622.1  |v 4 
712 0 2 |a Всесоюзный научно-исследовательский институт горной геомеханики и маркшейдерского дела  |c (Ленинград)  |c (1963-1992)  |2 stltpush  |3 (RuTPU)RU\TPU\col\12156  |9 25342 
801 1 |a RU  |b 63413507  |c 20211220 
942 |c BK